| 000 | 00586pam a22001937a 4500 | ||
|---|---|---|---|
| 001 | 000001470 | ||
| 005 | 20200929145604.0 | ||
| 008 | 750708s1975 xxcac 001 0 eng | ||
| 020 | _a0802021867 : | ||
| 020 | _a0802062695 | ||
| 040 |
_aDO-SdBNP _bspa _dBNPHU |
||
| 050 | 0 | 0 |
_aHT166.C32 _bA33 |
| 082 |
_a712 _bC331 |
||
| 100 | 1 |
_aCarver, Humphrey, _d1902- _94865 |
|
| 245 | 1 | 0 |
_aCompassionate landscape / _cHumphrey Carver. |
| 260 |
_aToronto, Canadá : _bUniversity of Toronto Press, _c1975. |
||
| 300 |
_aviii, 251 p. : _bil, retrs. ; _c23 cm. |
||
| 600 | 1 | 0 |
_aCarver, Humphrey, _d1902- _94865 |
| 999 |
_c1378 _d1378 |
||